00919nam a2200193Ia 4500001001100000003001000011008004100021040002500062041001400087100002700101245003300128250001100161260004500172300001200217500017500229501011400404520017500518650003200693L830-33983IT-CnALBA170116s9999||||xx |||||||||||||| ||und|| aIT-CnALBAcIT-CnALBA aSPAGNOLO  aGOETHE JOHANN WOLFGANG 0aFAUSTO Y EL SEGUNDO FAUSTO.  a1a ed. a PARISbGARNIER FRERES, LIBRAIRIE cn.d. a394 p.  aTRADUZIONE DAL TEDESCO IN SPAGNOLO DI L. AQUARONE. BIOGRAFIA DI GOETHE. FAUSTO: PROLOGO IN CIELO. NEL TEATRO. ELENA. POETI TEDESCHI: GOETHE, SCHILLER, KLOPSTOCK, BURGER.  aSocietà San Paolo EM - Piazza San Paolo, 14 - 12051 ALBA (CN) (non commercial uses only) ® Copyright 2017 aTRADUZIONE DAL TEDESCO IN SPAGNOLO DI L. AQUARONE. BIOGRAFIA DI GOETHE. FAUSTO: PROLOGO IN CIELO. NEL TEATRO. ELENA. POETI TEDESCHI: GOETHE, SCHILLER, KLOPSTOCK, BURGER.  aLETTERATURA TEDESCA E ALTRE